Contribuciones a la historia del arte en el Ecuador. (Record no. 111933)

MARC details
000 -LEADER
campo de control de longitud fija 00664nam a2200193 4500
001 - NÚMERO DE CONTROL
campo de control 111933
003 - IDENTIFICADOR DE NÚMERO DE CONTROL
campo de control ES-MaACL
005 - FECHA Y HORA DE LA ÚLTIMA TRANSACCIÓN
campo de control 20250812014420.0
007 - CAMPO FIJO DE DESCRIPCIÓN FÍSICA--INFORMACIÓN GENERAL
campo de control de longitud fija t|
008 - DATOS DE LONGITUD FIJA--INFORMACIÓN GENERAL
campo de control de longitud fija 061121s1925 ec r ||||1| spa d
100 1# - ENTRADA PRINCIPAL--NOMBRE DE PERSONA
Nombre de persona Navarro, José Gabriel.
9 (RLIN) 85072
245 10 - MENCIÓN DEL TÍTULO
Título Contribuciones a la historia del arte en el Ecuador.
Número de parte o sección de la obra I /
Mención de responsabilidad, etc. José Gabriel Navarro.
260 ## - PUBLICACIÓN, DISTRIBUCIÓN, ETC.
Lugar de publicación, distribución, etc. Quito (Ecuador) :
Nombre del editor, distribuidor, etc. Sociedad Ecuatoriana de Estudios Históricos,
Fecha de publicación, distribución, etc. 1925.
300 ## - DESCRIPCIÓN FÍSICA
Extensión XI, 179 p. 54 lám. ;
Dimensiones 23 cm.
650 #7 - PUNTO DE ACCESO ADICIONAL DE MATERIA--TÉRMINO DE MATERIA
Término de materia o nombre geográfico como elemento de entrada Arte ecuatoriano
Fuente del encabezamiento o término embne
9 (RLIN) 173359
710 2# - ENTRADA AGREGADA--NOMBRE DE ENTIDAD CORPORATIVA
Nombre de entidad corporativa o nombre de jurisdicción como elemento de entrada Sociedad Ecuatoriana de Estudios Históricos (Quito)
9 (RLIN) 6702
852 ## - LOCALIZACIÓN
Ubicación ES-MaACL
Número de control de estantería C-6747
Holdings
Estatus retirado Estado de pérdida Estado de daño No para préstamo Biblioteca de origen Biblioteca actual Ubicación en estantería Fecha de adquisición Fuente de adquisición Total de préstamos Signatura topográfica completa Código de barras Visto por última vez Precio de reemplazo Tipo de ítem Koha
        Biblioteca del Ateneo de Madrid Biblioteca del Ateneo de Madrid Sala Palomar 17/01/2008     C-6747 1116761 23/02/2023 23/02/2023 Libro impreso